[Event "2nd Bugojno it"]
[Site "Bugojno YUG"]
[Date "1980.05.24"]
[Round "11"]
[White "Kavalek, Lubomir"]
[Black "Polugaevsky, Lev"]
[Result "1/2-1/2"]
[WhiteElo "2600"]
[BlackElo "2635"]
[EventDate "1980.05.05"]
[PlyCount "42"]

1.e4 c5 2.Nf3 d6 3.d4 cxd4 4.Nxd4 Nf6 5.Nc3 a6 6.Bg5 e6 7.f4 b5 8.e5 dxe5 
9.fxe5 Qc7 10.exf6 Qe5+ 11.Be2 Qxg5 12.O-O Qe5 13.Bh5 g6 14.Bf3 Ra7 15.Ne4
Rd7 16.c3 Bb7 17.Ng3 Bxf3 18.Qxf3 Bc5 19.Kh1 Bxd4 20.cxd4 Rxd4 21.Rae1 Qd5
1/2-1/2